000 00872nam a22002657i 4500
003 DO-SdBNP
005 20230801151424.0
007 ta
008 220520b2004 dr ||||| |||| 00| 0 spa d
040 _aDO-SdBNP
_bspa
_cBNPHU
_erda
082 4 _222
_bR426L
110 1 _aRepública Dominicana.[Leyes, etc.]
_9447
240 0 0 _aLeyes, etc.
245 1 0 _aLey general de libre acceso a la información pública :
_bno. 200-04
260 _aSanto Domingo :
_b[sin editora].,
_c2004.
300 _a23 paginas
_c22 cm.
336 _2rdaconten.
_atexto
_btxt
337 _2rdamedia
_asin mediación
_bn
338 _2rdacarrier
_avolumen
_bnc
590 _aInventariado, 2023 / DG
650 4 _aDerechos civiles
_xLegislación
_zRepública Dominicana
_967938
650 4 _aLibertad de información
_xLegislación
_zRepública Dominicana
_983263
910 _aDG
942 _2ddc
_cLF2
999 _c53277
_d53277